Municipios de Barcelona en un mapa - Estadísticas

Estadísticas generales
  • Esta prueba ha sido intentada 13 veces
  • La puntuación promedio es 65 de 311
Respuestas en el mapa
Las respuestas están codificadas por una escala verde-roja en el mapa de la prueba según el % correcto abajo.
 
Estadísticas de respuestas
Respuesta % Correcto
Badalona
100%
Barcelona
92%
Sabadell
83%
Santa Coloma de Gramenet
83%
El Prat de Llobregat
75%
L`Hospitalet de Llobregat
75%
Mataró
75%
Castelldefels
67%
Manresa
67%
Rubí
67%
Sant Cugat del Vallès
67%
Sitges
67%
Vic
67%
Vilanova i la Geltrú
67%
Arenys de Mar
58%
Cerdanyola del Vallès
58%
Cornellà de Llobregat
58%
Gavà
58%
Igualada
58%
Montcada i Reixac
58%
Piera
58%
Premià de Mar
58%
Sant Adrià de Besòs
58%
Sant Boi de Llobregat
58%
Sant Feliu de Llobregat
58%
Sant Joan Despí
58%
Sant Just Desvern
58%
Terrassa
58%
Viladecans
58%
Berga
50%
Calella
50%
Cardedeu
50%
El Masnou
50%
Granollers
50%
Malgrat de Mar
50%
Martorell
50%
Moià
50%
Sant Pere de Ribes
50%
Sant Pol de Mar
50%
Vilafranca del Penedès
50%
Vilassar de Dalt
50%
Vilassar de Mar
50%
Arenys de Munt
42%
Badia del Vallès
42%
Barberà del Vallès
42%
Bigues i Riells
42%
Cabrera de Mar
42%
Canovelles
42%
Castellar del Vallès
42%
Cervelló
42%
Corbera de Llobregat
42%
Dosrius
42%
Lliça d'Amunt
42%
Llicà de Vall
42%
Llinars del Vallès
42%
Martorelles
42%
Masquefa
42%
Molins de Rei
42%
Montgat
42%
Olesa de Montserrat
42%
Pallejà
42%
Pineda
42%
Premià de Dalt
42%
Ripollet
42%
Sallent
42%
Santa Perpètua de Mogoda
42%
Santa Susanna
42%
Sant Esteve Sesrovires
42%
Sant Feliu de Codines
42%
Sant Quirze del Vallès
42%
Sant Sadurní d'Anoia
42%
Tordera
42%
Argentona
33%
Avinyó
33%
Begues
33%
Cabrils
33%
Calaf
33%
Caldes de Montbui
33%
Canet de Mar
33%
Castellbisbal
33%
Collbató
33%
Cubelles
33%
El Bruc
33%
Gelida
33%
Jorba
33%
La Garriga
33%
La Roca del Vallès
33%
Les Franqueses del Vallès
33%
Manlleu
33%
Matadepera
33%
Mollet de Vallés
33%
Montseny
33%
Òrrius
33%
Palafolls
33%
Palau-Solità i Plegamans
33%
Parets del Vallès
33%
Prats de Lluçanès
33%
Sant Andreu de la Barca
33%
Sant Andreu de Llavaneres
33%
Sant Celoni
33%
Sant Climent de Llobregat
33%
Sant Fruitós de Bages
33%
Santpedor
33%
Sentmenat
33%
Tiana
33%
Torelló
33%
Vacarisses
33%
Vallirana
33%
Viladecavalls
33%
Vilanova del Vallès
33%
Abrera
25%
Alella
25%
Avinyonet del Penedès
25%
Borredà
25%
Castellar de n'Hug
25%
Castellolí
25%
Castellterçol
25%
Centelles
25%
Esparreguera
25%
Gualba
25%
Guardiola de Berguedà
25%
La Llagosta
25%
La Palma de Cervelló
25%
Monistrol de Montserrat
25%
Navàs
25%
Olèrdola
25%
Polinyà
25%
Santa Coloma de Cervelló
25%
Santa Eulàlia de Ronçana
25%
Santa Margarida i els Monjos
25%
Sant Antoni de Vilamajor
25%
Sant Pere de Vilamajor
25%
Tona
25%
Vilada
25%
Aiguafreda
17%
Artés
17%
Avià
17%
Bagà
17%
Balenyà
17%
Balsareny
17%
Caldes d'Estrac
17%
Cardona
17%
Cercs
17%
Collsuspina
17%
el Papiol
17%
Els Hostalets de Pierola
17%
Gaià
17%
La Granada
17%
L'Ametlla del Vallès
17%
La Pobla de Claramunt
17%
Montesquiu
17%
Montornès del Vallès
17%
Òdena
17%
Olesa de Bonesvalls
17%
Olivella
17%
Roda de Ter
17%
Santa Maria de Martorelles
17%
Sant Boi de Llucanès
17%
Sant Cugat Sesgarrigues
17%
Sant Iscle de Vallalta
17%
Subirats
17%
Teià
17%
Torrellesde Llobregat
17%
Vallgorguina
17%
Calldetenes
8%
Callús
8%
Campins
8%
Canyelles
8%
Castellgalí
8%
Copons
8%
Espligues de Llobregat
8%
Figaró-Montmany
8%
Fogars de la Selva
8%
Gallifa
8%
Gisclareny
8%
Gurb
8%
La Pobla de Lillet
8%
Lluçà
8%
Malla
8%
Mediona
8%
Muntanyola
8%
Mura
8%
Navarcles
8%
Olost
8%
Pontons
8%
Puig-Reig
8%
Rellinars
8%
Santa Eulàlia de Riuprimer
8%
Santa Maria de Palautordera
8%
Santa Maria d'Oló
8%
Sant Esteve de Palautordera
8%
Sant Fost de Campsentelles
8%
Sant Hipòlit de Voltrega
8%
Sant Joan de Vilatorrada
8%
Sant Llorenç d'Hortons
8%
Sant Martí de Centelles
8%
Sant Vicenç de Castellet
8%
Seva
8%
Súria
8%
Tagamanent
8%
Taradell
8%
Torrelles de Foix
8%
Ullastrell
8%
Vallromanes
8%
Veciana
8%
Aguilar de Segarra
0%
Alpens
0%
Argençola
0%
Bellprat
0%
Cabrera d'Anoia
0%
Calders
0%
Calonge de Segarra
0%
Cànoves i Samalús
0%
Capellades
0%
Capolat
0%
Carme
0%
Casserres
0%
Castelbell i el Vilar
0%
Castellar del Riu
0%
Castellcir
0%
Castell de l'Areny
0%
Castellet i la Gornal
0%
Castellfollit del Boix
0%
Castellfollit de Riubregós
0%
Castellnou de Bages
0%
Castellví de la Marca
0%
Castellví de Rosanes
0%
El Brull
0%
El Pla del Penedès
0%
El Pont de Vilomara i Rocafort
0%
Els Prats de Rei
0%
Figols
0%
Fogars de Montclús
0%
Folgueroles
0%
Fonollosa
0%
Font-Rubí
0%
Gironella
0%
Granera
0%
La Llacuna
0%
La Nou de Berguedà
0%
La Quar
0%
La Torre de Claramunt
0%
Les Cabanyes
0%
Les Masies de Roda
0%
Les Masies de Voltrega
0%
L'Espunyola
0%
L'Esquirol
0%
L'Estany
0%
Marganell
0%
Monistrol de Calders
0%
Montclar
0%
Montmajor
0%
Montmaneu
0%
Montneló
0%
Olvan
0%
Orís
0%
Oristà
0%
Orpí
0%
Pacs del Penedès
0%
Perafita
0%
Puigdàlber
0%
Pujalt
0%
Rajadell
0%
Rubió
0%
Rupit i Pruit
0%
Sagàs
0%
Saldes
0%
San Quirze Safaja
0%
Santa Cecilia de Voltregà
0%
Santa Eugènia de Berga
0%
Santa Fe del Penedès
0%
Sant Agustí de Lluçanès
0%
Santa Margarida de Montbui
0%
Santa Maria de Besora
0%
Santa Maria de Merlès
0%
Santa Maria de Miralles
0%
Sant Bartomeu del Grau
0%
Sant Cebrià de Vallalta
0%
Sant Feliu Saserra
0%
Sant Jaume de Frontanyà
0%
Sant Julià de Cerdanyola
0%
Sant Julià de Vilatorta
0%
Sant Llorençc Savall
0%
Sant Martí d'Albars
0%
Sant Martí de Tous
0%
Sant Martí Sarroca
0%
Sant Martí Sesgueioles
0%
Sant Mateu de Bages
0%
Sant Pere de Riudebitlles
0%
Sant Pere de Torelló
0%
Sant Pere Sallavinera
0%
Sant Quintí de Mediona
0%
Sant Quirze de Besora
0%
Sant Sadurní d'Osormort
0%
Sant Salvador de Guardiola
0%
Sant Vincenç dels Horts
0%
Sant Vincenç de Montalt
0%
Sant Vincenç de Torelló
0%
Sobremunt
0%
Sora
0%
Talamanca
0%
Tavèrnoles
0%
Tavertet
0%
Torrelavit
0%
Vallbona d'Anoia
0%
Vallcebre
0%
Vilabla Sasserra
0%
Vilanova del Caí
0%
Vilanova de Sau
0%
Vilobí del Penedès
0%
Viver i Serrateix
0%
No se encontraron pruebas coincidentes
Distribución de puntuación
Porcentaje de gente con cada puntuación
Porcentaje por número respondido
Historial de tus puntuaciones
No has intentado esta prueba.